| 000 | 00776nam a22002897a 4500 | ||
|---|---|---|---|
| 001 | 00260 | ||
| 003 | DO-SdBNP | ||
| 005 | 20180119132827.0 | ||
| 008 | 151022b sp 2000 xxu||||| |||| 00| 0 spa d | ||
| 020 | _a8495501600 | ||
| 040 |
_aBPMSU _bspa _cBPMSU |
||
| 041 |
_aspa _heng |
||
| 092 |
_axxxx _bxxxx |
||
| 100 | 1 |
_aGordon, Noah, _d1926- |
|
| 240 | 1 | 0 |
_aShaman / _leng. |
| 245 | 1 | 0 |
_aChamán / _cNoah Gordon ; traducción Elsa Mateo. |
| 250 | _a3ª ed. | ||
| 260 |
_aMadrid : _bSuma de Letras, _c2000. |
||
| 300 |
_a857 p. _c18 cm. |
||
| 490 |
_aPunto de lectura _v2-2 |
||
| 700 |
_aMateo, Elsa, _etr. |
||
| 830 |
_3Punto de lectura _62-2 |
||
| 910 | _a00260 | ||
| 942 |
_2ddc _cBK |
||
| 945 | _aInventariado, 2018 / YL | ||
| 956 |
_aLorenza Pérez _b10 _cBPMSU |
||
| 999 |
_c8433 _d8433 |
||